Methods of testing vulcanized rubber. Part A 13. Determination of the stiffness of vulcanized rubbers at low temperature (Gehman test) (Record no. 73165)

MARC details
000 -LEADER
fixed length control field 00438nam a2200133Ia 4500
245 #0 - TITLE STATEMENT
Title Methods of testing vulcanized rubber. Part A 13. Determination of the stiffness of vulcanized rubbers at low temperature (Gehman test)
260 ## - PUBLICATION, DISTRIBUTION, ETC. (IMPRINT)
Year of publication 1972
500 ## - GENERAL NOTE
General note Standard number: BS 903 Part A 13
650 ## - SUBJECT ADDED ENTRY--TOPICAL TERM
Topical Term Gehman test
650 ## - SUBJECT ADDED ENTRY--TOPICAL TERM
Topical Term Stiffness
650 ## - SUBJECT ADDED ENTRY--TOPICAL TERM
Topical Term Vulcanized rubber
942 ## - ADDED ENTRY ELEMENTS (KOHA)
Koha item type Standards
Holdings
Withdrawn status Lost status Damaged status Not for loan Collection code Home library Current library Date acquired Koha item type
      Standards British standards RRII Library RRII Library 31/12/2021 Standards